Nederlandse Koningen en Koninginnen - Statistics

General Stats
  • This quiz has been taken 265 times
  • The average score is 6 of 14
Answer Stats
Hint Answer % Correct
2013-heden Willem-Alexander
99%
1980-2013 Beatrix
93%
1948-1980 Juliana
87%
1890-1948 Wilhelmina
79%
1815-1840 Willem 1
73%
1840-1849 Willem 2
73%
1849-1890 Willem 3
72%
Máxima Zorreguieta
5%
Claus van Amsberg
4%
Bernhard van Lippe-Biesterfeld
1%
Hendrik van Mecklenburg-Schwerin
1%
Wilhelmina van Pruisen
1%
Anna Paulowna van Rusland
0%
Emma van Waldeck-Pyrmont
0%
No matching quizzes found
Score Distribution
Percent of People with Each Score
Percentile by Number Answered
Your Score History
You have not taken this quiz